QUEST Central Library Banner

Object Oriented Programming with C++ (Record no. 3642)

MARC details
000 -LEADER
fixed length control field 00650nam a2200217 a 4500
003 - CONTROL NUMBER IDENTIFIER
control field PK-NaQUE
005 - DATE AND TIME OF LATEST TRANSACTION
control field 20250312092105.0
008 - FIXED-LENGTH DATA ELEMENTS--GENERAL INFORMATION
fixed length control field 250312b ||||| |||| 00| 0 eng d
020 ## - INTERNATIONAL STANDARD BOOK NUMBER
International Standard Book Number 8170294479 (paperback)
020 ## - INTERNATIONAL STANDARD BOOK NUMBER
International Standard Book Number 9788170294474 (paperback)
040 ## - CATALOGING SOURCE
Transcribing agency QUEST
082 ## - DEWEY DECIMAL CLASSIFICATION NUMBER
Classification number 005.133PAR
100 1# - MAIN ENTRY--PERSONAL NAME
Personal name Parsons, David.
245 10 - TITLE STATEMENT
Title Object Oriented Programming with C++
260 ## - PUBLICATION, DISTRIBUTION, ETC. (IMPRINT)
Place of publication, distribution, etc New Delhi
Name of publisher, distributor, etc BPB Publications,
Date of publication, distribution, etc 1995
300 ## - PHYSICAL DESCRIPTION
Extent VII,319p
650 ## - SUBJECT ADDED ENTRY--TOPICAL TERM
Topical term or geographic name as entry element Object-oriented programming (Computer science)
650 ## - SUBJECT ADDED ENTRY--TOPICAL TERM
Topical term or geographic name as entry element C++ (Computer program language)
856 40 - ELECTRONIC LOCATION AND ACCESS
Uniform Resource Identifier <a href="http://10.10.170.122:8080/browse/book/26787">http://10.10.170.122:8080/browse/book/26787</a>
Link text eBook
942 ## - ADDED ENTRY ELEMENTS (KOHA)
Koha item type Books
Source of classification or shelving scheme Dewey Decimal Classification
Holdings
Withdrawn status Lost status Damaged status Not for loan Collection code Home library Current library Date acquired Cost, normal purchase price Total Checkouts Full call number Barcode Date last seen Koha item type Price effective from Date checked out
          Central Library, QUEST, Nawabshah Central Library, QUEST, Nawabshah 20/05/2014 184.00   005.133PAR 22601 20/05/2014 Books 20/05/2014  
          Central Library, QUEST, Nawabshah Central Library, QUEST, Nawabshah 20/05/2014 184.00   005.133PAR 22602 16/05/2016 Books 20/05/2014  
          Central Library, QUEST, Nawabshah Central Library, QUEST, Nawabshah 20/05/2014 184.00 2 005.133PAR 22603 02/03/2017 Books 20/05/2014 25/01/2017
          Central Library, QUEST, Nawabshah Central Library, QUEST, Nawabshah 20/05/2014 184.00   005.133PAR 22604 20/05/2014 Books 20/05/2014  
        Reference Reference Section Reference Section 20/05/2014 184.00   005.133PAR (Shelf -08D) 22600 20/05/2014 Books    

Copyright © 2018,The QUEST, Nawabshah, Shaheed Benazirabad. All rights reserved
Mr. G. Farooq Channar (Librarian) QUEST, Nawabshah, Sindh, Pakistan 67480.
 Ph#: |   0244-9370381-4 Ext. 2308   Email| lib@quest.edu.pk   Web|  http://www.quest.edu.pk